000 01127nam a2200301 i 4500
001 129316
003 ES-MaACL
005 20251207124548.0
007 t|
008 070612s1975 sp |||| | spa d
020 _a84-206-2062-9
080 _a530.12
245 0 3 _aLa teoría de la relatividad
_b: sus orígenes e impacto sobre el pensamiento moderno /
_cAlbert Einstein, Adolf Grümbaum, A.S. Eddington ... [et al.] ; selección e introducción de L. Pearce Williams ; versión de Miguel Paredes Larrucea.
250 _a2ª ed.
260 _aMadrid :
_bAlianza Editorial,
_c1975.
300 _a174 p. :
_bil. ;
_c20 cm.
490 1 _aAlianza universidad ;
_v62
504 _aBibliografía: p. 173-174.
650 0 4 _aRelatividad (Física)
_916793
700 1 _aEinstein, Albert,
_d1879-1955
_946838
700 1 _aGrümbaum, Adolf.
_960239
700 1 _aEddington, Arthur Stanley
_c, Sir.
_946616
700 1 _aWilliams, L. Pearce.
_9116938
700 1 _aParedes Larrucea, Miguel.
_989050
830 1 _aAlianza universidad ;
_v62
_9177276
852 _aES-MaACL
_jE-7883
999 _c129316
_d129316